TDN表記変換(正式名称→TDN表記) - Statistics

General Stats
  • This quiz has been taken 233 times
  • The average score is 12 of 15
Answer Stats
Hint Answer % Correct
三浦 MUR
99%
木村 KMR
98%
多田野 TDN
97%
谷岡 TNOK
93%
遠野 TON
92%
はたの HTN
91%
西岡 NSOK
90%
ゴウ GO
85%
あきよし AKYS
84%
久保帯人 KBTIT
77%
ネクタイでかすぎ NKTIDKSG
76%
野獣先輩 YJSNPI
72%
大坊 DB
69%
ダルビッシュ DRVS
41%
アメフトとサーフィンで鍛えた肉体美を持つ帰国子女のシェフ AMFTTSFNDKTETNKTIBWMTKKKSJNSHF
16%
No matching quizzes found
Score Distribution
Percent of People with Each Score
Percentile by Number Answered
Your Score History
You have not taken this quiz